Lego Speed Champions Sets - Statistics

General Stats
  • This quiz has been taken 13 times
  • The average score is 70 of 86
Answer Stats
Picture Answer % Correct
1968 Ford Mustang Fastback
100%
2016 Ford GT and 1966 Ford GT40
100%
2018 Dodge Challenger SRT Demon and 1970 Dodge Charger RT
100%
2 Fast 2 Furious Honda S2000
100%
2 Fast 2 Furious Nissan Skyline GT-R (R34)
100%
Aston Martin DB5 (James Bond 007)
100%
Audi R18 e-tron Quattro
100%
Bugatti Chiron
100%
Fast & Furious 1970 Dodge Charger RT
100%
Ford GT Heritage Edition and Bronco R
100%
Ford Mustang Dark Horse
100%
Ford Mustang GT
100%
Koenigsegg Jesko
100%
Lamborghini Countach
100%
McLaren P1
100%
McLaren Senna
100%
McLaren Solus GT & McLaren F1 LM
100%
Porsche 911 GT3 RS supercar
100%
Porsche 911 GT Finish Line
100%
Porsche 911 RSR & 911 Turbo 3.0
100%
Porsche 918 Spyder
100%
Toyota GR Supra
100%
1985 Audi Sport Quattro S1
90%
Audi R8 LMS Ultra
90%
Audi S1 e-tron quattro
90%
Chevrolet Camaro Drag Race
90%
Dodge Challenger SRT Hellcat
90%
Ferrari 458 Italia GT2
90%
Ferrari F40
90%
Ferrari F40 Competizione
90%
Lamborghini Urus ST-X & Lamborghini Huracán Super Trofeo Evo
90%
Lotus Evija
90%
McLaren 720s
90%
Mercedes-AMG F1 W12 E Performance and Mercedes-AMG Project ONE
90%
Mercedes-AMG F1 W15
90%
Mercedes-AMG GT3
90%
Mopar Dodge SRT Top Fuel Dragster en 1970 Dodge Challenger TA
90%
NASCAR Next Gen Chevrolet Camaro ZL1
90%
Nissan GT-R NISMO
90%
Oracle Red Bull Racing RB20 F1
90%
Porsche 919 Hybrid
90%
1970 Ferrari 512 M
80%
1974 Porsche 911 Turbo 3.0
80%
Aston Martin Aramco F1 AMR24
80%
Aston Martin safety car and AMR23
80%
Aston Martin Valkyrie AMR Pro
80%
Aston Martin Valkyrie AMR PRO & Aston Martin Vantage GT3
80%
BMW M4 GT3 & BMW M Hybrid V8
80%
F14 T & Scuderia Ferrari Truck
80%
Ferrari 812 Competizione
80%
Ferrari F8 Tributo
80%
Ferrari FXX K and Development Center
80%
Ferrari LaFerrari
80%
Ferrari SF-24 F1
80%
Ford F-150 Raptor and Ford Model A Hot Rod
80%
Lamborghini Lambo V12 Vision GT supercar
80%
Lamborghini Revuelto and Huracán STO
80%
McLaren Elva
80%
McLaren Elva
80%
McLaren F1 Team MCL38
80%
McLaren Formula 1 Car
80%
Mercedes-AMG G 63 and Mercedes-AMG SL 63
80%
Pagani Utopia
80%
BWT Alpine F1 Team A524
70%
Chevrolet Corvette Z06
70%
Ford Fiesta M-Sport WRC
70%
KICK Sauber F1 Team C44
70%
McLaren Formula 1 car 2023
70%
McLaren Mercedes Pit Stop
70%
McLaren Solus GT
70%
Mini Cooper S Rally and 2018 MINI John Cooper Works Buggy
70%
MoneyGram Haas F1 Team VF-24
70%
Williams Racing FW46 F1
70%
Bugatti Centodieci hyper
60%
Chevrolet Camaro ZL1 Race Car
60%
Ferrari 488 GT3 “Scuderia Corsa”
60%
Ferrari Ultimate Garage
60%
Lamborghini Huracán Super Trofeo EVO
60%
Porsche 963
60%
Chevrolet Corvette C8-R Race Car and 1968 Chevrolet Corvette
50%
Formula E Panasonic Jaguar Racing GEN2 & Jaguar I-Pace ETROPHY
50%
Porsche 919 Hybrid and 917K Pit-Lane
50%
Ferrari 499P Hypercar
40%
Visa Cash App RB VCARB 01 F1
40%
Scuderia Ferrari SF16-H
30%
Formula 1 Mercedes AMG Petronas
10%
No matching quizzes found
Score Distribution
Percent of People with Each Score
Percentile by Number Answered
Your Score History
You have not taken this quiz